Quizzes
Events
Quiz Creation
Community
Videos
Private Events
Remove Ads
Sign In
Join for FREE
Feedback
Dark Mode
Quiz Categories
Sports
Geography
Music
Movies
Television
Just For Fun
Miscellaneous
History
Literature
Language
Science
Gaming
Entertainment
Religion
Holiday
For Kids
Quiz Lab
Recent
Popular Today
Quiz Kudos Today
Editor Picks
Curator Picks
Quizzes by...
Day
Popularity
Type
Ratings
Length
Year
Community
Subscriptions
Recent Discussions
Orange Saloon
Badges
Playlists
Quests
Create
Leaderboards
Showdown
Live 5
Trivia Bingo
Activity
Puzzle Library
Sporcle Events
Private Events
Virtual Trivia
Globe League
Become a Host
Pub Owners
SporcleCon
Opinionation
Our Games
Videos
Blog
Mobile Apps
Partnerships
Remove Ads and Go Orange
Feedback
Gaming
Video Games
Board Games
Card Games
Pokémon
Mario
Nintendo
Minecraft
Console
Toys
Legend of Zelda
Gaming
Video Games
Board Games
Card Games
Pokémon
Mario
Nintendo
Minecraft
Console
Toys
Legend of Zelda
Random Quiz
Search Sporcle
×
Quiz Lab
Quiz Lab
Gaming
old
Click on answers out of a set of options
Click on answers out of a set of options
Multiple Choice
Best Score? Go Orange.
Old school runescape Stats
Old school runescape
By
yinvdummo
10m
12 Questions
5,601 Plays
5,601 Plays
5,601 Plays
Comments
Comments
Give Quiz Kudos
Give Quiz Kudos
-
- Ratings
hide this ad
Random Order
Randomize order of answers
Randomize order of answers
Replay
Link that replays current quiz
Next Quiz
Link to next quiz in quiz playlist
You Got
0%
They Got
Avg Score
85%
Avg Friend Score
Upgrade to see
Score Distribution
Jump to the score distribution portion of the page
Score
0/12
Timer
10:00
0
Plays Today
Question
Answer
Wrong Answers
Which of these would get your Mining level up?
Adamantite
97.9%
Yew
0.6%
Air battlestaff
0.4%
Cowhide
0.7%
Which quest gives you the ability to equip a Rune Platebody, upon completion?
Dragon Slayer
94.7%
Misthalin Mystery
0.9%
Desert Treasure
1%
Monkey Madness
1%
Which of the following runes do you need to cast High Level Alchemy?
Fire and Nature
93.2%
Earth and Mind
1%
Blood and Cosmic
2.9%
Chaos and Water
1.6%
What is the maximum Combat Level
126
92.4%
1000
0.9%
100
0.7%
99
3.1%
What is the maximum level you can get in a Skill?
99
91.1%
100
1.2%
120
4.4%
112
0.6%
How many Barrows Brothers are there?
Six
88.1%
Four
7.9%
Nine
1.5%
Twenty-One
1.1%
Which of the following is a Slayer master?
Nieve
86.7%
Jelly
1.6%
BigRedJapan
1.7%
Kurask
7.2%
What boss do you need three Totem pieces to kill?
Skotizo
85.2%
Zulrah
6.2%
King Black Dragon
2.8%
Kraken
3.8%
Which of these houses will you find on Zeah?
Hosidius
84.4%
Chaysien
5.7%
Zulrah
6.8%
Chaos Elemental
2.2%
Which player acquired the first Infernal cape?
Woox
83.4%
Soup (ThirdAgeFilms)
3.7%
Iron Mammal
2.8%
Zulu
7.5%
Who faked Cancer?
Emily
71.4%
Mod Mat K
12.3%
Zezima
9.2%
2007scape Reddit
5.4%
Which boss requires 91 Slayer to kill?
Cerberus
63.4%
Thermonuclear Smoke Devil
15.7%
Dark Beast
10.7%
Cave Kraken
7.7%
Quiz Playlist
Details
Report
Send in Message
Add To Playlist
Multiple Choice:
Click on answers out of a set of options
Random Order:
Randomize order of answers
Last Updated: Jun 29, 2017
Quiz Scoreboard
CHALLENGE
Sign Up to Join the Scoreboard
Show All
Scores
Hide
Comments
May contain spoilers
Recently Published
An Introduction to Baseball
by treessimontrees
Sports
5m
Movies - When Are They Set?
by FPL_Elf
Movies
5m
Popular People in 1961
by mucciniale
History
6m
More to Explore
Quiz From the Vault
Featured Blog Post
Where Did the Easter Bunny Come From?
hide this ad
You Might Also Like...
Tags
old
runescape
school
Today's Top Quizzes in Gaming
Browse Gaming
hide this ad
Today's Top Quizzes in old
Browse old
Top Contributed Quizzes in Gaming
1
Destiny 2 exotic weapons by perk icons
2
5-to-1: Consoles
3
Ultimate Genshin Impact Logic Puzzle (up to 4.3)
4
7-to-1: Board Game Piece Blitz
5
5-to-1: Legend of Zelda
6
Franchise by Action Figure
7
Who's on the WWE 2K24 Cover?
8
Windmill: Pokémon
9
Genshin Impact Logic Puzzle Quiz
10
Legendary or Exotic?
Explore More
Trending Topics
NBA
Harry Potter
Anime
Disney
Marvel
Kpop
Crossword
Soccer
Pokémon
Country
The Office
Puzzle
NFL
Song
WWE
hide this ad
More By:
yinvdummo
Quiz
Plays
Rating
Category
Featured
Created
old school runescape
5,601
3.20
Gaming
Jun 29, 2017
Go to Creator's Profile
Score Distribution
Quiz Creator Spotlight
yinvdummo
Follow
Send a Message
Quizzes Created
-
Created Quiz Play Count
-
More By This Creator
Popular Quizzes Today
1
Find the Countries of Europe - No Outlines Minefield
2
Find the US States - No Outlines Minefield
3
The Countries of the World
4
Popular People in 1961
5
US States
6
Find the US States
7
1-10 Letter E Words III
8
Risky Map Clicking: Biggest States A-Z
More Gaming Quizzes
Vowel Cut Video Games
Editor's Pick
Trending Quizzes
Risky Map Clicking: Least Populous States A-Z
1-10 Letter F Words
1-10 Letter G Words
One Thing in Common: United Kingdom
Risky Map Clicking: Next State Alphabetically
Recently Updated
Leaping Animals
pecheneg
Reality TV Shows (A-Z)
bhenderson79
Rickey Henderson's Hall of Fame Teammates
pecheneg
Champions League XIs: Arsenal
pecheneg
Quick Pick: Celebrities in WWE's Hall of Fame
aduchscher
A-Z Keypad Blitz II
pecheneg
Multiple Oscar Actors
pecheneg
Mystery Phrase Blitz: Oscar 'Best Actors'
pecheneg
F. Scott Fitzgerald Novels
LTH
Pick 3 Villains
ddd62291
Trending Topics
NBA
Crossword
Kpop
Disney
Harry Potter
Marvel
Anime
NFL
WWE
Country
Song
The Office
Puzzle
Soccer
Pokémon
Your Account Isn't Verified!
In order to create a playlist on Sporcle, you need to verify the email address you used during registration. Go to your
Sporcle Settings
to finish the process.
Report this User
Report this user for behavior that violates our
Community Guidelines
.
Details:
Send Report
Go to the Sporcle.com Mobile Site →
Comments